000
00253nam a2200097Ia 4500
001
1044573
005
20250826232143.0
008
250824s9999 xx 000 0 und d
245
0
_a
BELLEK VE BAŞKA TUZAKALR
_c
AYKUT ERTUĞRUL
260
_b
KETEBE YAYINLARI
999
_c
1044573
_d
1044573